Irish Counties Map Quiz - Statistics

General Stats
  • This quiz has been taken 1,779 times
  • The average score is 14 of 26
Answers on the Map
Answers color-coded by a green-red scale on the quiz's map according to % correct below.
 
Answer Stats
Answer % Correct
Dublin
84%
Cork
73%
Donegal
70%
Galway
66%
Kerry
66%
Mayo
60%
Limerick
59%
Wexford
59%
Sligo
57%
Waterford
56%
Meath
55%
Clare
54%
Wicklow
54%
Louth
53%
Tipperary
52%
Roscommon
47%
Monaghan
44%
Kildare
42%
Kilkenny
42%
Leitrim
42%
Cavan
41%
Westmeath
41%
Offaly
38%
Longford
36%
Carlow
33%
Laois
32%
No matching quizzes found
Score Distribution
Percent of People with Each Score
Percentile by Number Answered
Your Score History
You have not taken this quiz